000 01032nam a22003257a 4500
003 CHAP
005 20220817042834.0
008 971013s1976 r 00010 d
010 _a57356
011 _a58328
035 _a62483
040 _cCHAP
082 _a080
_bS4 v.258
100 0 0 _aSomolinos D'Ardois, Germán.
_9108556
245 _aHistoria de la psiquiatría en México
260 _aMéxico, D.F. :
_bSecretaría de Educación Pública,
_c1976
300 _a149 p.
490 _aSEP/Setentas
_v; 258
590 _aBATCH-UPD
_b10
_c20130110
_lUCH01
_h0029
590 _aBATCH-UPD
_b10
_c20130110
_lUCH01
_h0940
590 _aBATCH-UPD
_b10
_c20130409
_lUCH01
_h2010
590 _aBATCH-UPD
_b10
_c20130410
_lUCH01
_h0557
590 _aBATCH-UPD
_b10
_c20130914
_lUCH01
_h1945
590 _aCONVERSION
_b10
_c20130109
_lUCH01
_h1331
650 1 4 _aPsiquiatría.
_992630
830 0 _aSEP. Setentas
_v; 258
901 _aBK
942 _cLIBRO
949 _a080 S4 v.258
_bBC
_cLIBRO
_d33724000307369
_eLIBRO
_fc.2
_h43718
_i62483
_si
999 _c57356
_d57356